Đang tải...
Management aptitude test
| Tác giả chính: | |
|---|---|
| Định dạng: | Printed Book |
| Được phát hành: |
New Delhi
Asian Books
2008
|
| Phiên bản: | 4th. |
| Những chủ đề: |
| LEADER | 00517nam a22001577a 4500 | ||
|---|---|---|---|
| 020 | |a 9788184120608 | ||
| 082 | |a 658.007 6 |b VER/M | ||
| 100 | |a Verma, R.P | ||
| 245 | |a Management aptitude test | ||
| 250 | |a 4th. | ||
| 260 | |a New Delhi |b Asian Books |c 2008 | ||
| 650 | |a Aptitude test-Management | ||
| 650 | |a Management | ||
| 942 | |c BK | ||
| 999 | |c 41434 |d 41434 | ||
| 952 | |0 0 |1 0 |4 0 |6 658_007000000000000_6_VERM |7 0 |8 Stack |9 44787 |a KUCL |b KUCL |c Stack |d 2016-08-23 |g 455.00 |l 3 |m 1 |o 658.007 6 VER/M |p 42805 |r 2019-06-07 |s 2019-04-29 |w 2016-08-23 |y BK | ||